|
|
|
|
| LEADER |
01392nam a22002537a 4500 |
| 001 |
4214 |
| 003 |
BD-DhAAL |
| 005 |
20150916172621.0 |
| 008 |
150916s2003 bg ||||| |||| 00| 0 ben d |
| 020 |
|
|
|a 98483600101
|
| 040 |
|
|
|a BD-DhAAL
|c BD-DhAAL
|
| 082 |
|
|
|2 22
|a 354.5492073
|
| 100 |
|
|
|a হাওলাদার, মুজিবুর রহমান
|9 14720
|
| 245 |
|
|
|a বাংলাদেশের রাজনীতি :
|b পেছন ফিরে দেখা /
|c মুজিবুর রহমান হাওলাদার
|
| 260 |
|
|
|a ঢাকা ;
|b এ এইচ ডেভেলপমেন্ট পাবলিশিং হাউজ,
|c ২০০৩
|
| 300 |
|
|
|a ১৫২ পৃ. ;
|c ২২ সে. মি.
|
| 541 |
|
|
|e 4214
|
| 650 |
|
|
|a Decentralization in government
|z Bangladesh
|9 14721
|
| 852 |
|
|
|a Savar Campus Library
|
| 942 |
|
|
|2 ddc
|c BK
|
| 999 |
|
|
|c 35569
|d 35569
|
| 952 |
|
|
|0 0
|1 0
|2 ddc
|4 0
|6 354_549207300000000_HAO
|7 0
|9 55942
|a SCL
|b SCL
|c GEN
|d 2015-09-16
|g 175.00
|l 1
|m 6
|o 354.5492073 HAO
|p 3020004214
|r 2017-03-06
|s 2017-01-08
|t 1
|w 2015-09-16
|y BK
|
| 952 |
|
|
|0 0
|1 0
|2 ddc
|4 0
|6 354_549207300000000_HAO
|7 0
|9 56116
|a SCL
|b SCL
|c GEN
|d 2015-10-05
|g 175.00
|l 0
|o 354.5492073 HAO
|p 3020004212
|r 2015-10-05
|t 2
|w 2015-10-05
|y BK
|
| 952 |
|
|
|0 0
|1 0
|2 ddc
|4 0
|6 354_549207300000000_HAO
|7 0
|9 56117
|a SCL
|b SCL
|c GEN
|d 2015-10-05
|g 175.00
|l 2
|m 3
|o 354.5492073 HAO
|p 3020004211
|r 2023-02-25
|s 2023-02-20
|t 3
|w 2015-10-05
|y BK
|